000
00367nam a2200133Ia 4500
008
100328s9999 xx 000 0 und d
082
_b
3984
100
_a
परांजपे शकुंतला
245
_a
घराचा मालक
260
_b
---
630
_a
घराचा मालक
730
_a
घराचा मालक
942
_c
BOOK
999
_c
500088
_d
500085